<?xml version="1.0" encoding="UTF-8"?>
<record
    xmlns:xsi="http://www.w3.org/2001/XMLSchema-instance"
    xsi:schemaLocation="http://www.loc.gov/MARC21/slim http://www.loc.gov/standards/marcxml/schema/MARC21slim.xsd"
    xmlns="http://www.loc.gov/MARC21/slim">

  <leader>00345nam a2200133Ia 4500</leader>
  <controlfield tag="008">230411s9999    xx            000 0 und d</controlfield>
  <datafield tag="041" ind1=" " ind2=" ">
    <subfield code="a">eng</subfield>
  </datafield>
  <datafield tag="082" ind1=" " ind2=" ">
    <subfield code="a">S/617.917/JAY/B03579</subfield>
  </datafield>
  <datafield tag="100" ind1=" " ind2=" ">
    <subfield code="a">Jayalakshmi T S</subfield>
    <subfield code="9">177803</subfield>
  </datafield>
  <datafield tag="245" ind1=" " ind2=" ">
    <subfield code="a">Operation Room Assistant Manual</subfield>
  </datafield>
  <datafield tag="260" ind1=" " ind2=" ">
    <subfield code="b">Peepee</subfield>
    <subfield code="a">Delhi</subfield>
    <subfield code="c">2006</subfield>
  </datafield>
  <datafield tag="300" ind1=" " ind2=" ">
    <subfield code="a">112p</subfield>
  </datafield>
  <datafield tag="999" ind1=" " ind2=" ">
    <subfield code="c">154434</subfield>
    <subfield code="d">154434</subfield>
  </datafield>
  <datafield tag="952" ind1=" " ind2=" ">
    <subfield code="0">0</subfield>
    <subfield code="1">0</subfield>
    <subfield code="4">0</subfield>
    <subfield code="7">0</subfield>
    <subfield code="8">S</subfield>
    <subfield code="a">BTIN</subfield>
    <subfield code="b">BTIN</subfield>
    <subfield code="d">2006-07-24</subfield>
    <subfield code="e">S.K.Kothari,Pune.</subfield>
    <subfield code="g">50.00</subfield>
    <subfield code="i">9682</subfield>
    <subfield code="l">0</subfield>
    <subfield code="o">S 617.917 JAY B03579</subfield>
    <subfield code="p">BTIN-BK-3579</subfield>
    <subfield code="r">2023-04-11 00:00:00</subfield>
    <subfield code="v">39.00</subfield>
    <subfield code="w">2006-07-24</subfield>
    <subfield code="y">BK</subfield>
    <subfield code="z">B03579</subfield>
  </datafield>
</record>
